Wirtschaft und Recht im neunzehnten Jahrhundert

Saved in:
Bibliographic Details
Format: Book
Language:German
Published: Berlin F. Schneider & Co. 1904
Edition:Zweite Auflage
Tags: Add Tag
No Tags, Be the first to tag this record!

MARC

LEADER 00000nam a2200000 4500
001 0307344
005 20250227103032.7
041 0 |a ger 
044 |a DE 
245 1 0 |a Wirtschaft und Recht im neunzehnten Jahrhundert  |c A. Bernhold 
250 |a Zweite Auflage 
264 1 |a Berlin  |b F. Schneider & Co.  |c 1904